<?xml version="1.0" encoding="UTF-8"?>
<collection xmlns="http://www.loc.gov/MARC21/slim">
 <record>
  <leader>01091nam a2200277 a 4500</leader>
  <controlfield tag="001">TVCDKTCT6820</controlfield>
  <controlfield tag="003">Thư viện trường Cao đẳng Kỹ thuật Cao Thắng</controlfield>
  <controlfield tag="005">20170601150950.0</controlfield>
  <controlfield tag="008">070507</controlfield>
  <datafield tag="980" ind1="\" ind2="\">
   <subfield code="a">Thư viện Trường CĐ Kỹ Thuật Cao Thắng</subfield>
  </datafield>
  <datafield tag="024" ind1=" " ind2=" ">
   <subfield code="a">RG_1 #1 eb0 i1</subfield>
  </datafield>
  <datafield tag="020" ind1="#" ind2="#">
   <subfield code="a">0-07-248464-0</subfield>
  </datafield>
  <datafield tag="041" ind1="0" ind2="#">
   <subfield code="a">vie</subfield>
  </datafield>
  <datafield tag="082" ind1="#" ind2="#">
   <subfield code="a">621.3 / </subfield>
   <subfield code="b">US300NG</subfield>
  </datafield>
  <datafield tag="100" ind1="1" ind2="#">
   <subfield code="a">C.Sawyer Stacey</subfield>
  </datafield>
  <datafield tag="245" ind1="0" ind2="0">
   <subfield code="a">Using Information Technology.A Practical Introduction to Computers&amp; Communications (Sách Photocopy) / </subfield>
   <subfield code="c">C.Sawyer Stacey, K.Williams Brian</subfield>
  </datafield>
  <datafield tag="246" ind1="0" ind2="1">
   <subfield code="a">Ứng dụng công nghệ thông tin trong kỹ thuật. Thực hành &amp;giới thiệu phương tiện truyền thông bằng máy tính</subfield>
  </datafield>
  <datafield tag="250" ind1="#" ind2="#">
   <subfield code="a">Tái bản lần thứ 5</subfield>
  </datafield>
  <datafield tag="260" ind1="#" ind2="#">
   <subfield code="a">American : </subfield>
   <subfield code="b">McGraw-Hill , </subfield>
   <subfield code="c">2003</subfield>
  </datafield>
  <datafield tag="300" ind1="#" ind2="#">
   <subfield code="a">324tr. ; </subfield>
   <subfield code="c">27cm</subfield>
  </datafield>
  <datafield tag="650" ind1="#" ind2="4">
   <subfield code="a">Công nghệ thông tin</subfield>
  </datafield>
  <datafield tag="650" ind1="#" ind2="4">
   <subfield code="a">Kỹ thuật</subfield>
  </datafield>
  <datafield tag="650" ind1="#" ind2="4">
   <subfield code="a">Ứng dụng</subfield>
  </datafield>
  <datafield tag="700" ind1="0" ind2="#">
   <subfield code="a">K.Williams Brian</subfield>
  </datafield>
  <datafield tag="721" ind1="#" ind2="#">
   <subfield code="a">Công nghệ thông tin</subfield>
  </datafield>
  <datafield tag="841" ind1="#" ind2="#">
   <subfield code="b">Kho Sách </subfield>
   <subfield code="j">100020726</subfield>
  </datafield>
 </record>
</collection>
